Экономика переходных процессов: в 2 т.

Detalhes bibliográficos
Autor principal: Григорьев Л. М. Леонид Маркович
Idioma:russo
Publicado em: Москва, Издательский дом Международного ун-та, 2010
Formato: MixedMaterials Livro
KOHA link:https://koha.lib.tpu.ru/cgi-bin/koha/opac-detail.pl?biblionumber=198446

MARC

LEADER 00000nam1a2200000 4500
001 198446
005 20231031184003.0
010 |a 5924800601 
035 |a (RuTPU)RU\TPU\book\216436 
090 |a 198446 
100 |a 20110629d2010 m y0rusy50 ca 
101 0 |a rus 
102 |a RU 
200 1 |a Экономика переходных процессов  |e в 2 т.  |f Л. М. Григорьев 
210 |a Москва  |c Издательский дом Международного ун-та  |d 2010 
700 1 |a Григорьев  |b Л. М.  |g Леонид Маркович 
801 1 |a RU  |b 63413507  |c 20110629 
801 2 |a RU  |b 63413507  |c 20110629  |g RCR 
942 |c BK